| 000 | 00984naa a22002897a 4500 | ||
|---|---|---|---|
| 001 | BR6600255 | ||
| 003 | BR-BrBNA | ||
| 005 | 20250709164608.0 | ||
| 007 | ta | ||
| 008 | 250630b bl.|||m| |||| 00| 0 por d | ||
| 040 |
_aBR-BrBNA _bpor _cBiblioteca Nacional de Agricultura |
||
| 041 | _a(Pt) | ||
| 072 |
_aF00 _b1410 _b3575 _bG514 |
||
| 090 | _aF00 BR6600255 | ||
| 100 | 1 | _aCoelho, G.M. | |
| 111 | 1 |
_a3. Reuniao da Comissao Brasileira de Feijao _cRio de Janeiro, GB (Brazil) _d25 Jul 1966 |
|
| 245 | 1 | _aPlano de implantacao de semente melhorada de feijao de mesa no estado de Sao Paulo [Phaseolus vulgaris; Brasil] | |
| 500 | _aRelatorio anual 1966 Rio de Janeiro, GB (Brasil): 1966. p. 200-203 (BR6600255-AMS) | ||
| 650 | _aFEIJAO | ||
| 650 | _aSEMENTE | ||
| 650 | _aVARIEDADE | ||
| 650 | _aMELHORAMENTO VEGETAL | ||
| 650 | _aSAO PAULO | ||
| 490 | _aRelatorio - Comissao Brasileira de Feijao (Brazil) | ||
| 942 |
_cAMS _2AGRIS |
||
| 909 |
_a202506 _bLúcia _c55 _dLúcia Elande |
||
| 999 |
_c332593 _d332593 |
||